Statistics for Countries In Calling Zone 8

Click here to take the quiz!

General Stats

  • This quiz has been taken 8 times
  • The average score is 8 of 9

Answer Stats

CountryCode% Correct
China(+86)
100%
Japan(+81)
100%
North Korea(+850)
100%
South Korea(+82)
100%
Taiwan(+886)
100%
Cambodia(+855)
88%
Laos(+856)
88%
Vietnam(+84)
88%
Bangladesh(+880)
63%

Score Distribution

Percentile by Number Answered

Percent of People with Each Score

Your Score History

You have not taken this quiz